مكتبة جامعة عجلون الوطنية

فهرس بحث المكتبة

Normal view MARC view
  • التخطيط التنظيمي- تخطيط المدن-المدن الجديدة

Entry Topical Term

Number of records used in: 1

001 - CONTROL NUMBER

  • control field: 17213

003 - CONTROL NUMBER IDENTIFIER

  • control field: JO-AjAnu

005 - DATE AND TIME OF LATEST TRANSACTION

  • control field: 20230606073038.0

008 - FIXED-LENGTH DATA ELEMENTS

  • fixed length control field: 230606|| aca||aabn | a|a d

040 ## - CATALOGING SOURCE

  • Original cataloging agency: JO-AjAnu
  • Transcribing agency: JO-AjAnu

150 ## - HEADING--TOPICAL TERM

  • Topical term or geographic name entry element: التخطيط التنظيمي- تخطيط المدن-المدن الجديدة

670 ## - SOURCE DATA FOUND

  • Source citation: Work cat.: (JO-AjAnu)8836: الهاشمي ,عماد أكرم تأليف وآخرون, author 17212, تخطيط المدن :تطبيقات في النمذجة الحضرية=URBAN PLANNING:APPLIED RESEARCHES IN URBAN MODELLING